[Event "18th Brasschaat Open 2018"]
[Site "Brasschaat"]
[Date "2018.08.26"]
[Round "9"]
[White "Oudewaal, Vincent"]
[Black "Sadkowski, Daniel"]
[Result "0-1"]
[WhiteElo "2070"]
[BlackElo "2235"]
[Annotator "NA"]
[PlyCount "102"]
[EventDate "2018.08.18"]
[EventType "swiss"]
[EventCountry "BEL"]
[SourceTitle "playchess.com"]
[Source "ChessBase"]
[SourceQuality "1"]
[TimeControl "40/5400+30:1800+30"]

1. c4 {[%emt 0:00:00]} e5 {[%emt 0:01:35]} 2. g3 {[%emt 0:00:00]} c6 {[%emt 0:00:05]} 3. d4 {[%emt 0:00:01]} Bb4+ {[%emt 0:00:06]} 4. Bd2 {[%emt 0:00:06]} Bxd2+ {[%emt 0:00:06]} 5. Qxd2 {[%emt 0:00:04]} d6 {[%emt 0:00:03]} 6. dxe5 {[%emt 0:02:39] A20: Englische Eröffnung} dxe5 {[%emt 0:00:11]} 7. Qxd8+ {[%emt 0:00:06]} Kxd8 {[%emt 0:00:03]} 8. Nc3 {[%emt 0:00:17]} Kc7 $146 {[%emt 0:17:40]} ({Vorgänger:} 8... Nf6 9. Bh3 Bxh3 10. Nxh3 h6 11. f3 Nbd7 12. Nf2 Ke7 13. O-O-O Rhd8 14. Nfe4 g6 15. Nxf6 Nxf6 16. Rxd8 Rxd8 17. Rd1 Rd4 18. Rxd4 exd4 {½-½ (18) Rosen,B (2316)-Fressinet,L (2536) Germany 2001}) 9. b3 {[%emt 0:01:24]} Nf6 {[%emt 0:06:56]} 10. f3 {[%emt 0:02:53]} a5 {[%emt 0:00:44]} 11. Rd1 {[%emt 0:04:33]} Na6 {[%emt 0:00:53]} 12. e3 {[%emt 0:00:39]} Nc5 {[%emt 0:07:57]} 13. e4 {[%emt 0:10:23]} h5 {[%emt 0:06:52]} 14. h4 {[%emt 0:00:20]} Ne6 {[%emt 0:00:33]} 15. Nh3 {[%emt 0:03:40]} Nh7 {[%emt 0:09:13]} 16. Kf2 {[%emt 0:06:24]} f6 {[%emt 0:00:27]} 17. Ke3 {[%emt 0:05:28]} Nd4 {[%emt 0:02:01]} 18. Ne2 {[%emt 0:13:17]} Nxe2 {[%emt 0:00:14]} 19. Bxe2 {[%emt 0:05:20]} Nf8 {[%emt 0:00:10]} 20. f4 {[%emt 0:03:11]} Bxh3 {[%emt 0:01:59]} 21. Rxh3 {[%emt 0:05:45]} Ne6 {[%emt 0:04:30]} 22. Rf1 {[%emt 0:01:01]} Kd6 {[%emt 0:10:04]} 23. fxe5+ {[%emt 0:08:57]} fxe5 {[%emt 0:00:05]} 24. Rf7 {[%emt 0:00:06]} b6 {[%emt 0:02:12]} 25. Rh1 {[%emt 0:00:35]} Raf8 {[%emt 0:06:08]} 26. Rd1+ {[%emt 0:00:09]} Kc5 {[%emt 0:01:03]} 27. Re7 {[%emt 0:00:11]} Rf6 {[%emt 0:00:37]} 28. a3 {[%emt 0:02:01]} Rhh6 {[%emt 0:00:58]} 29. Rd3 {[%emt 0:02:49]} a4 $2 {[%emt 0:01:56]} (29... Rh8 $18 30. Kd2 Rd8) 30. b4+ {[%emt 0:02:04]} Kxc4 {[%emt 0:00:05]} 31. Rd6+ {[%emt 0:00:05]} Kb3 {[%emt 0:00:17]} 32. Rxc6 {[%emt 0:07:32]} Kxa3 {[%emt 0:05:19]} 33. Rxb6 {[%emt 0:01:03]} Kb2 {[%emt 0:00:21]} 34. Ra6 {[%emt 0:03:19]} a3 {[%emt 0:00:11]} 35. Rea7 {[%emt 0:00:54]} Nd4 {[%emt 0:00:09]} 36. Ra4 {[%emt 0:02:49]} Rc6 {[%emt 0:04:31]} 37. Bd1 {[%emt 0:03:47]} Rc3+ {[%emt 0:00:35]} 38. Kd2 {[%emt 0:00:13]} Rf6 {[%emt 0:08:31]} 39. b5 {[%emt 0:00:39]} Rf2+ {[%emt 0:01:47]} 40. Ke1 {[%emt 0:00:02]} Rh2 {[%emt 0:00:14]} 41. b6 {[%emt 0:30:31]} Nc2+ {[%emt 0:08:57]} 42. Kf1 {[%emt 0:00:00]} Ne3+ {[%emt 0:00:17]} 43. Kg1 {[%emt 0:00:00]} Rg2+ {[%emt 0:00:15]} 44. Kh1 {[%emt 0:00:00]} Rd2 {[%emt 0:00:59]} 45. Rb4+ {[%emt 0:00:00]} Ka1 {[%emt 0:02:35]} 46. Rc7 {[%emt 0:00:00]} Rxd1+ {[%emt 0:00:37]} 47. Kh2 {[%emt 0:00:00]} Ng4+ {[%emt 0:02:23]} 48. Kg2 {[%emt 0:00:00]} Rxc7 {[%emt 0:03:02]} 49. bxc7 {[%emt 0:00:00]} Rc1 {[%emt 0:00:07]} 50. Rb7 $19 {[%emt 0:00:00]} Rc2+ {[%emt 0:01:24]} 51. Kf1 {[%emt 0:00:00]} Nf6 {[%emt 0:00:14]} 0-1

[Event "18th Brasschaat Open 2018"]
[Site "Brasschaat"]
[Date "2018.08.26"]
[Round "9"]
[White "Van Herck, Marcel"]
[Black "Naalden, Marc"]
[Result "1-0"]
[WhiteElo "2019"]
[BlackElo "1860"]
[Annotator "NA"]
[PlyCount "33"]
[EventDate "2018.08.18"]
[EventType "swiss"]
[EventCountry "BEL"]
[SourceTitle "playchess.com"]
[Source "ChessBase"]
[SourceQuality "1"]
[TimeControl "40/5400+30:1800+30"]

1. d4 {[%emt 0:00:01]} f5 {[%emt 0:00:00]} 2. e4 {[%emt 0:00:07]} fxe4 {[%emt 0:00:01]} 3. Nc3 {[%emt 0:00:02]} Nf6 {[%emt 0:00:23]} 4. Bg5 {[%emt 0:00:04]} g6 {[%emt 0:00:33]} 5. h4 {[%emt 0:14:27]} Bg7 {[%emt 0:02:55]} 6. h5 {[%emt 0:07:46]} d5 {[%emt 0:05:09]} 7. h6 {[%emt 0:01:28]} Bf8 {[%emt 0:00:07]} 8. f3 {[%emt 0:00:12]} Qd6 {[%emt 0:04:46]} 9. Nge2 {[%emt 0:02:05]} exf3 {[%emt 0:05:51]} 10. gxf3 {[%emt 0:00:19]} Nc6 {[%emt 0:02:03]} 11. Nb5 {[%emt 0:02:13]} Qb4+ {[%emt 0:03:31]} 12. Nec3 {[%emt 0:00:19]} Kd8 {[%emt 0:07:21]} 13. a3 {[%emt 0:01:33]} Qa5 {[%emt 0:05:52]} 14. b4 {[%emt 0:00:32]} Nxb4 {[%emt 0:03:01]} 15. axb4 {[%emt 0:00:07]} Qxb4 {[%emt 0:00:07]} 16. Ra4 {[%emt 0:01:41]} Qb2 {[%emt 0:01:23]} 17. Bc1 {[%emt 0:00:07]} 1-0

[Event "18th Brasschaat Open 2018"]
[Site "Brasschaat"]
[Date "2018.08.26"]
[Round "9"]
[White "De Block, Fabio"]
[Black "Baselmans, Luuk"]
[Result "1-0"]
[WhiteElo "1956"]
[BlackElo "2100"]
[Annotator "NA"]
[PlyCount "65"]
[EventDate "2018.08.18"]
[EventType "swiss"]
[EventCountry "BEL"]
[SourceTitle "playchess.com"]
[Source "ChessBase"]
[SourceQuality "1"]
[TimeControl "40/5400+30:1800+30"]

1. d4 {[%emt 0:00:00]} e6 {[%emt 0:00:00]} 2. c4 {[%emt 0:00:00]} Bb4+ {[%emt 0:00:00]} 3. Bd2 {[%emt 0:00:00]} a5 {[%emt 0:00:00]} 4. g3 {[%emt 0:00:33]} Nf6 {[%emt 0:00:56]} 5. Bg2 {[%emt 0:00:05]} d5 {[%emt 0:05:06]} 6. Nf3 {[%emt 0:08:24]} O-O {[%emt 0:01:33]} 7. O-O {[%emt 0:01:00]} Ne4 {[%emt 0:08:07] E11: Bogo-Indian} (7... c6 8. Bxb4 axb4 9. Nbd2 b6 10. Qc2 Bb7 11. Rfd1 Qe7 12. e4 Na6 13. e5 Nd7 14. h4 Rfd8 15. Ng5 {0-1 (47) Meskovs,N (2546)-Fridman,D (2635) Tallinn 2018}) 8. Bf4 {[%emt 0:11:22]} Bd6 {[%emt 0:02:04]} 9. Bxd6 {[%emt 0:02:39]} Qxd6 {[%emt 0:00:39]} 10. Nc3 {[%emt 0:01:48]} Nxc3 {[%emt 0:02:17]} 11. bxc3 {[%emt 0:00:04]} dxc4 $146 {[%emt 0:02:54]} ({Predecessor:} 11... b6 12. Ne5 f6 13. Nd3 Nd7 14. Nf4 c6 15. cxd5 exd5 {1-0 (48) Aviles,F (2044)-Alidani,L (1954) Olongapo City 2015}) 12. Ne5 {[%emt 0:02:38]} Qa6 {[%emt 0:00:51]} 13. a4 {[%emt 0:05:04]} Nd7 {[%emt 0:01:57]} 14. Nf3 {[%emt 0:06:25]} Rb8 {[%emt 0:11:29]} 15. e4 {[%emt 0:05:20]} c6 {[%emt 0:01:10]} 16. Re1 {[%emt 0:04:29]} b5 {[%emt 0:02:43]} 17. axb5 {[%emt 0:00:47]} cxb5 {[%emt 0:00:12]} 18. d5 {[%emt 0:00:09]} Nc5 {[%emt 0:02:27]} 19. Nd4 {[%emt 0:00:32]} exd5 {[%emt 0:03:51]} 20. exd5 {[%emt 0:00:11]} Bd7 $17 {[%emt 0:01:21]} 21. Nc6 {[%emt 0:11:11]} Bxc6 {[%emt 0:00:07]} 22. dxc6 {[%emt 0:00:04]} Qb6 {[%emt 0:01:21]} 23. Qf3 {[%emt 0:02:47]} Rbc8 {[%emt 0:02:56]} 24. Re7 {[%emt 0:02:14]} a4 {[%emt 0:12:12]} 25. Qe3 {[%emt 0:03:18]} b4 {[%emt 0:05:19]} 26. Rb7 {[%emt 0:01:03]} Qd8 {[%emt 0:01:57]} 27. Qxc5 {[%emt 0:00:10]} b3 {[%emt 0:00:25]} 28. Qxc4 {[%emt 0:00:38]} Qd2 {[%emt 0:00:41]} 29. Qxa4 {[%emt 0:01:45]} b2 {[%emt 0:00:14]} 30. Rb1 {[%emt 0:00:34]} Ra8 {[%emt 0:01:27]} 31. Qd1 {[%emt 0:00:10]} Qxd1+ {[%emt 0:01:13]} 32. Rxd1 {[%emt 0:00:04]} Ra1 {[%emt 0:00:04]} 33. Rf1 {[%emt 0:00:11]} 1-0

[Event "18th Brasschaat Open 2018"]
[Site "Brasschaat"]
[Date "2018.08.26"]
[Round "9"]
[White "Engelaer, Maurice"]
[Black "Beukema, Constantijn"]
[Result "1/2-1/2"]
[WhiteElo "1915"]
[BlackElo "1758"]
[Annotator "NA"]
[PlyCount "76"]
[EventDate "2018.08.18"]
[EventType "swiss"]
[EventCountry "BEL"]
[SourceTitle "playchess.com"]
[Source "ChessBase"]
[SourceQuality "1"]
[TimeControl "40/5400+30:1800+30"]

1. e4 {[%emt 0:00:00]} e5 {[%emt 0:06:37]} 2. Bc4 {[%emt 0:00:05]} Nc6 {[%emt 0:00:50]} 3. Nc3 {[%emt 0:01:09]} Bc5 {[%emt 0:00:38]} 4. Qg4 {[%emt 0:01:25]} g6 {[%emt 0:07:04]} 5. Qf3 {[%emt 0:04:35]} Nf6 {[%emt 0:00:34] C25: Wiener Partie} 6. Nd5 {[%emt 0:06:53]} (6. Nge2 d6 7. h3 h6 8. d3 Qe7 9. g4 Be6 10. Bxe6 fxe6 11. Bxh6 Rxh6 12. g5 Rh7 13. Qxf6 Qxf6 14. gxf6 Rf7 15. O-O Rxf6 16. Na4 Bb6 17. a3 Ke7 {½-½ (17) Koziak,V (2480)-Chojnacki,K (2400) Police 2015}) 6... Nxd5 {[%emt 0:01:34]} 7. Bxd5 {[%emt 0:00:03]} Qe7 {[%emt 0:00:39]} 8. Ne2 {[%emt 0:02:04]} Nd4 {[%emt 0:01:53]} 9. Nxd4 {[%emt 0:00:41]} Bxd4 {[%emt 0:00:29]} 10. O-O $146 {[%emt 0:01:10]} ({Vorgänger:} 10. d3 d6 11. h4 f6 12. c3 Bb6 13. Be3 {1-0 (23) Poveda Zapata,J-Mosquera,A (1698) Coliseo Menor 2011}) 10... d6 {[%emt 0:01:04]} 11. c3 {[%emt 0:02:50]} Bb6 {[%emt 0:00:13]} 12. a4 {[%emt 0:00:53]} c6 {[%emt 0:00:34]} 13. a5 {[%emt 0:03:11]} cxd5 {[%emt 0:01:21]} 14. axb6 {[%emt 0:00:12]} dxe4 {[%emt 0:00:15]} 15. Qxe4 {[%emt 0:01:08]} a6 {[%emt 0:00:13]} 16. d4 {[%emt 0:01:40]} O-O {[%emt 0:01:05]} 17. Re1 {[%emt 0:06:53]} f5 {[%emt 0:02:18]} 18. Qc2 {[%emt 0:03:38]} Qf6 {[%emt 0:03:18]} 19. Qb3+ {[%emt 0:05:55]} Be6 {[%emt 0:00:33]} 20. d5 {[%emt 0:00:53]} Bd7 {[%emt 0:00:09]} 21. Qb4 {[%emt 0:05:39]} f4 {[%emt 0:00:27]} 22. f3 {[%emt 0:03:40]} Rfc8 {[%emt 0:06:19]} 23. b3 {[%emt 0:01:07]} Rc5 {[%emt 0:00:38]} 24. c4 {[%emt 0:00:20]} a5 {[%emt 0:00:28]} 25. Qd2 {[%emt 0:03:21]} a4 {[%emt 0:02:09]} 26. Ba3 {[%emt 0:14:31]} Rcc8 {[%emt 0:02:05]} 27. Qa2 {[%emt 0:01:18]} axb3 {[%emt 0:01:23]} 28. Qxb3 {[%emt 0:00:13]} Ra4 {[%emt 0:00:42]} 29. Bb4 {[%emt 0:06:04]} Rxa1 $1 {[%emt 0:04:34]} 30. Rxa1 {[%emt 0:00:12]} e4 {[%emt 0:03:04]} 31. Bc3 {[%emt 0:01:32]} Qf5 {[%emt 0:01:06]} 32. fxe4 {[%emt 0:05:44]} Qxe4 {[%emt 0:00:11]} 33. Re1 {[%emt 0:00:21]} Qd3 {[%emt 0:00:49]} 34. Qb2 {[%emt 0:07:34]} Re8 {[%emt 0:07:32]} 35. Rxe8+ $11 {[%emt 0:00:42]} Bxe8 {[%emt 0:00:06]} 36. Bh8 {[%emt 0:02:39]} Qe3+ {[%emt 0:00:27]} 37. Kf1 {[%emt 0:00:31]} Qd3+ {[%emt 0:00:35]} 38. Kg1 {[%emt 0:02:04]} Qe3+ {[%emt 0:00:53]} 1/2-1/2

[Event "18th Brasschaat Open 2018"]
[Site "Brasschaat"]
[Date "2018.08.26"]
[Round "9"]
[White "Raats, Joppe"]
[Black "Boudry, William"]
[Result "0-1"]
[WhiteElo "1862"]
[BlackElo "2044"]
[Annotator "NA"]
[PlyCount "62"]
[EventDate "2018.08.18"]
[EventType "swiss"]
[EventCountry "BEL"]
[SourceTitle "playchess.com"]
[Source "ChessBase"]
[SourceQuality "1"]
[TimeControl "40/5400+30:1800+30"]

1. e4 {[%emt 0:00:00]} e6 {[%emt 0:00:00]} 2. d4 {[%emt 0:00:03]} d5 {[%emt 0:00:00]} 3. Bd3 {[%emt 0:00:13]} dxe4 {[%emt 0:00:08]} 4. Bxe4 {[%emt 0:00:14]} Nf6 {[%emt 0:00:01]} 5. Bf3 {[%emt 0:00:08]} c5 {[%emt 0:00:21]} 6. Ne2 {[%emt 0:00:23]} Be7 {[%emt 0:01:16] C01: French: Exchange Variation} (6... Nc6 7. Be3 Nd5 8. Bxd5 Qxd5 9. Nbc3 Qxg2 10. Rg1 Qf3 11. Nb5 Rb8 12. dxc5 Bd7 13. Nc7+ Kd8 14. Nb5 {0-1 (54) Kramnik,V (2808)-Caruana,F (2808) Stavanger 2017}) 7. O-O {[%emt 0:00:45]} O-O {[%emt 0:00:12]} 8. c4 {[%emt 0:02:10]} cxd4 {[%emt 0:00:10]} 9. Nxd4 {[%emt 0:01:26]} Nbd7 {[%emt 0:01:07]} 10. Nc3 {[%emt 0:01:10]} a6 {[%emt 1:31:45]} 11. Be3 $146 {[%emt 0:03:42]} ({Predecessor:} 11. Re1 Qc7 12. b3 {1-0 (46) Ponkratov,P (2607)-Nestor,K (2114) Tallinn 2016}) 11... Ne5 {[%emt 0:00:00]} 12. Be2 {[%emt 0:01:36]} Qc7 {[%emt 0:00:00]} 13. b3 {[%emt 0:14:06]} Rd8 {[%emt 0:00:00]} 14. Qc1 {[%emt 0:02:22]} Neg4 {[%emt 0:00:00]} 15. Nf3 {[%emt 0:04:07]} Bd6 {[%emt 0:00:00]} 16. g3 {[%emt 0:03:49]} Nxe3 {[%emt 0:00:00]} 17. Qxe3 {[%emt 0:00:38]} Bd7 {[%emt 0:00:00]} 18. Rfd1 {[%emt 0:04:51]} Bc5 {[%emt 0:00:00]} 19. Qe5 {[%emt 0:06:31]} Bxf2+ {[%emt 0:00:00]} 20. Kg2 {[%emt 0:01:25]} Qb6 {[%emt 0:00:00]} 21. Qf4 {[%emt 0:08:45]} Be3 {[%emt 0:00:00]} 22. Qh4 {[%emt 0:03:24]} Bc6 {[%emt 0:00:00]} 23. g4 $2 {[%emt 0:03:40]} (23. Kf1) 23... g5 {[%emt 0:00:00]} 24. Qh3 {[%emt 0:01:00]} Bd4 {[%emt 0:00:00]} 25. Rac1 {[%emt 0:00:44]} Bxc3 {[%emt 0:00:00]} 26. Rxd8+ {[%emt 0:00:06]} Rxd8 {[%emt 0:00:00]} 27. Rxc3 {[%emt 0:00:16]} Ne4 $19 {[%emt 0:00:00]} 28. Rc2 {[%emt 0:01:46]} Qf2+ {[%emt 0:00:00]} 29. Kh1 {[%emt 0:00:43]} Nd2 {[%emt 0:00:00]} 30. Qg2 {[%emt 0:03:50]} Bxf3 {[%emt 0:00:00]} 31. Bxf3 {[%emt 0:00:24]} Qe1+ {[%emt 0:00:00]} 0-1

[Event "18th Brasschaat Open 2018"]
[Site "Brasschaat"]
[Date "2018.08.26"]
[Round "9"]
[White "Follesa, Enrico"]
[Black "Van Dijck, Bjarne"]
[Result "0-1"]
[WhiteElo "1856"]
[BlackElo "1932"]
[Annotator "NA"]
[PlyCount "78"]
[EventDate "2018.08.18"]
[EventType "swiss"]
[EventCountry "BEL"]
[SourceTitle "playchess.com"]
[Source "ChessBase"]
[SourceQuality "1"]
[TimeControl "40/5400+30:1800+30"]

1. e4 {[%emt 0:00:00]} e5 {[%emt 0:00:00]} 2. Nf3 {[%emt 0:00:00]} Nc6 {[%emt 0:00:00]} 3. d4 {[%emt 0:00:00]} exd4 {[%emt 0:00:00]} 4. Nxd4 {[%emt 0:00:00]} Bb4+ {[%emt 0:00:00]} 5. c3 {[%emt 0:00:00]} Bc5 {[%emt 0:00:00]} 6. Be3 {[%emt 0:00:09]} Bb6 {[%emt 0:00:00] C45: Scotch Game} 7. g3 {[%emt 0:00:52]} (7. Nf5 Bxe3 8. Nxe3 Nf6 9. f3 O-O 10. c4 d6 11. Nc3 Nd7 12. Be2 Nc5 13. O-O a5 14. Qd2 Bd7 15. f4 {1-0 (37) Idani,P (2572)-Gordievsky,D (2653) Qinhuangdao 2018}) 7... Nf6 {[%emt 0:01:44]} 8. Bg2 {[%emt 0:00:37]} O-O {[%emt 0:03:15]} 9. O-O {[%emt 0:00:07]} Re8 {[%emt 0:01:11]} 10. Re1 {[%emt 0:13:37]} d5 {[%emt 0:28:59]} 11. exd5 {[%emt 0:06:56]} Nxd4 $146 {[%emt 0:00:32]} ({Predecessor:} 11... Bg4 12. Nxc6 bxc6 13. Qd2 Nxd5 14. Bxb6 Rxe1+ 15. Qxe1 axb6 {0-1 (62) Gerlagh,J (2103)-Timmermans,I (2207) Maastricht 2014}) 12. Bxd4 {[%emt 0:01:21]} Bxd4 {[%emt 0:00:04]} 13. cxd4 {[%emt 0:01:15]} Bg4 {[%emt 0:00:17]} 14. Rxe8+ {[%emt 0:00:37]} Qxe8 {[%emt 0:00:05]} 15. Qd2 {[%emt 0:11:30]} Qd7 {[%emt 0:13:24]} 16. Nc3 {[%emt 0:00:45]} Bh3 {[%emt 0:09:40]} 17. Bh1 {[%emt 0:05:44]} Re8 {[%emt 0:09:34]} 18. Re1 {[%emt 0:00:27]} h5 {[%emt 0:06:57]} 19. Re5 $14 {[%emt 0:06:11]} h4 {[%emt 0:03:23]} 20. Qe2 {[%emt 0:07:49]} Bg4 {[%emt 0:03:36]} 21. Bf3 {[%emt 0:07:46]} Bxf3 {[%emt 0:00:08]} 22. Qxf3 {[%emt 0:00:11]} h3 {[%emt 0:00:07]} 23. Qf4 {[%emt 0:12:23]} b5 {[%emt 0:08:54]} 24. Rxe8+ {[%emt 0:03:46]} Qxe8 {[%emt 0:06:36]} 25. Qe5 {[%emt 0:00:14]} Qd7 {[%emt 0:00:03]} 26. d6 {[%emt 0:03:56]} b4 {[%emt 0:00:12]} 27. Nd5 {[%emt 0:02:38]} Nxd5 {[%emt 0:00:35]} 28. Qxd5 {[%emt 0:00:01]} cxd6 {[%emt 0:00:47]} 29. Qa8+ {[%emt 0:00:15]} Kh7 {[%emt 0:00:05]} 30. Qe4+ {[%emt 0:00:02]} g6 {[%emt 0:01:20]} 31. b3 {[%emt 0:00:32]} Kg7 {[%emt 0:00:31]} 32. d5 {[%emt 0:00:41]} Qc7 {[%emt 0:02:20]} 33. Qd4+ {[%emt 0:00:46]} Kg8 {[%emt 0:00:10]} 34. Qc4 {[%emt 0:03:11]} Qxc4 {[%emt 0:01:41]} 35. bxc4 {[%emt 0:00:08]} a5 {[%emt 0:00:02]} 36. Kf1 {[%emt 0:00:08]} a4 {[%emt 0:00:07]} 37. Ke2 {[%emt 0:00:27]} b3 {[%emt 0:00:07]} 38. axb3 {[%emt 0:00:08]} a3 {[%emt 0:00:03]} 39. Kd2 {[%emt 0:00:09]} a2 {[%emt 0:00:05]} 0-1

[Event "18th Brasschaat Open 2018"]
[Site "Brasschaat"]
[Date "2018.08.26"]
[Round "9"]
[White "Lambregts, Frank"]
[Black "De Bock, Thijs"]
[Result "0-1"]
[WhiteElo "1819"]
[BlackElo "1959"]
[Annotator "NA"]
[PlyCount "60"]
[EventDate "2018.08.18"]
[EventType "swiss"]
[EventCountry "BEL"]
[SourceTitle "playchess.com"]
[Source "ChessBase"]
[SourceQuality "1"]
[TimeControl "40/5400+30:1800+30"]

1. d4 {[%emt 0:00:00]} Nf6 {[%emt 0:00:00]} 2. Nc3 {[%emt 0:00:00]} d5 {[%emt 0:00:00]} 3. Bg5 {[%emt 0:00:00]} e6 {[%emt 0:00:00]} 4. Qd3 {[%emt 0:01:37]} h6 {[%emt 0:03:22]} 5. Bf4 {[%emt 0:03:04]} a6 {[%emt 0:00:25]} 6. g4 {[%emt 0:08:11]} c5 {[%emt 0:00:53]} 7. dxc5 {[%emt 0:02:56]} Bxc5 {[%emt 0:00:12]} 8. h3 {[%emt 0:10:32]} Nc6 {[%emt 0:07:05]} 9. a3 {[%emt 0:00:41]} e5 {[%emt 0:07:40]} 10. g5 {[%emt 0:03:08]} Nh5 {[%emt 0:03:34]} 11. Bh2 {[%emt 0:04:24]} Be6 {[%emt 0:06:14]} 12. e4 {[%emt 0:13:14]} d4 {[%emt 0:01:58]} ({And not} 12... Qxg5 13. Nxd5 Bxd5 14. exd5 $15) 13. Nd5 {[%emt 0:03:31]} hxg5 {[%emt 0:04:00]} 14. Qc4 {[%emt 0:12:42]} (14. Nf3 $142) 14... Bf8 {[%emt 0:03:31]} 15. Nf3 {[%emt 0:12:58]} Rc8 {[%emt 0:00:30]} 16. Qb3 {[%emt 0:01:39]} (16. O-O-O {was necessary.}) 16... Nf6 {[%emt 0:02:42]} 17. Nxg5 {[%emt 0:05:18]} Nxe4 {[%emt 0:04:34]} 18. Nxe6 {[%emt 0:01:15]} fxe6 {[%emt 0:00:26]} 19. Nb6 {[%emt 0:00:23]} Nc5 {[%emt 0:00:34]} 20. Qg3 $19 {[%emt 0:02:06]} Qxb6 {[%emt 0:00:08]} 21. Qg6+ {[%emt 0:00:06]} Kd7 {[%emt 0:02:27]} 22. Qf7+ {[%emt 0:01:04]} Be7 {[%emt 0:00:15]} 23. b4 {[%emt 0:00:12]} Nxb4 {[%emt 0:00:37]} 24. axb4 {[%emt 0:06:36]} Qxb4+ {[%emt 0:00:05]} 25. Ke2 {[%emt 0:00:06]} Ne4 {[%emt 0:00:57]} 26. Bg2 {[%emt 0:00:51]} Rxc2+ {[%emt 0:03:09]} 27. Kf1 {[%emt 0:01:00]} Rxf2+ {[%emt 0:00:06]} 28. Qxf2 {[%emt 0:00:08]} Nxf2 {[%emt 0:00:03]} 29. Kxf2 {[%emt 0:00:10]} Qd2+ {[%emt 0:00:07]} 30. Kg3 {[%emt 0:00:53]} Qf4# {[%emt 0:49:26]} 0-1